| Tag |
First Indicator |
Second Indicator |
Subfields |
| LEADER |
00000cam a22000003a 4500 |
| 001 |
in00002394921 |
| 005 |
20151109064920.0 |
| 008 |
080425s2008 miu b 001 0 eng d |
| 020 |
|
|
|a 0472032313
|
| 020 |
|
|
|a 9780472032310
|
| 035 |
|
|
|a (OCoLC)ocn226303492
|
| 035 |
|
|
|a (OCoLC)226303492
|
| 040 |
|
|
|a YDXCP
|c YDXCP
|d BTCTA
|d XTC
|d UtOrBLW
|
| 049 |
|
|
|a TXAM
|
| 050 |
|
4 |
|a LC191.9
|b .L43 2008
|
| 245 |
0 |
0 |
|a Learning the literacy practices of graduate school :
|b insiders' reflectons on academic enculturation /
|c Christine Pearson Casanave, Xiaoming Li, editors.
|
| 264 |
|
1 |
|a Ann Arbor :
|b University of Michigan Press,
|c [2008]
|
| 264 |
|
4 |
|c ©2008
|
| 300 |
|
|
|a xi, 267 pages ;
|c 23 cm.
|
| 336 |
|
|
|a text
|b txt
|2 rdacontent
|
| 337 |
|
|
|a unmediated
|b n
|2 rdamedia
|
| 338 |
|
|
|a volume
|b nc
|2 rdacarrier
|
| 504 |
|
|
|a Includes bibliographical references and indexes.
|
| 650 |
|
0 |
|a Graduate students
|x Socialization.
|
| 650 |
|
0 |
|a Academic writing.
|
| 650 |
|
0 |
|a Universities and colleges
|x Sociological aspects.
|
| 700 |
1 |
|
|a Casanave, Christine Pearson,
|d 1944-
|
| 700 |
1 |
|
|a Li, Xiaoming.
|
| 938 |
|
|
|a YBP Library Services
|b YANK
|n 2805904
|
| 938 |
|
|
|a Baker and Taylor
|b BTCP
|n BK0007584507
|
| 938 |
|
|
|a Baker & Taylor
|b BKTY
|c 29.95
|d 29.95
|i 0472032313
|n 0007584507
|s active
|
| 945 |
|
|
|a PromptCat
|b 436946
|
| 946 |
|
|
|a stk
|
| 947 |
|
|
|a A14836801669
|
| 994 |
|
|
|a 92
|b TXA
|
| 948 |
|
|
|a cataloged
|b h
|c 2008/6/19
|d c
|e asalazar
|f 12:00:02 pm
|
| 999 |
|
|
|a MARS
|
| 999 |
f |
f |
|s 84650ec4-5512-3442-9ce0-5b1a1ef500ea
|i 11b1d496-e3bf-3bdd-a355-56b351bac9cb
|t 0
|
| 952 |
f |
f |
|p normal
|a Texas A&M University
|b College Station
|c Sterling C. Evans Library
|d Evans: Library Stacks
|t 0
|e LC191.9 .L43 2008
|h Library of Congress classification
|i unmediated -- volume
|m A14836801669
|
| 998 |
f |
f |
|a LC191.9 .L43 2008
|t 0
|l Evans: Library Stacks
|